02391nam a22003615a 4500003000900000005001700009008004100026020001600067020001800083040004300101082002300144100005600167245012400223250002300347264004600370300004600416336002600462337002800488338002700516490003100543504005200574505065800626520030701284650005801591650005601649651001001705653002701715655002401742700004801766942003001814999001701844952016801861EG-ScBUE20220508102402.0160808r20151996enka f b 001 0 eng d a0194371484  a9780194371483 aEG-ScBUEbengerdacEG-ScBUEdEG-ScBUE04222a418.0076 bBAC1 940684aBachman, Lyle F.,ā€ dā€Ž1944-ā€ eauthor.10aLanguage testing in practice :bdesigning and developing useful langauge tests /cLyle F. Bachman and Adrian S. Palmer. aReprinted edition. 1aOxford :bOxford University Press,c2015. avi, 377 pagess :billustrations ;c24 cm. 2rdacontentatextbtxt 2rdamediaaunmediatedbn 2rdacarrieravolumebnc0 aOxford applied linguistics aIncludes bibliographical references and index.  aPart One: Conceptual bases of test development; Objectives and expectations -- Test usefulness: qualities of language tests -- Describing tasks: language use in language tests -- Describing language ability: Language use in language tests -- Part Two: Language test development; Overview of test development -- Describing, identifying, and defining -- Developing a plan for the evaluation of usefulness -- Identifying, allocating, and managing resources -- Operationalization: developing test tasks and blueprints -- Preparing effective instructions -- Scoring method -- Language test administration -- Part Three: Illustrative test development projects aRelates language testing practice to views of communicative language teaching and testing. Divided into three sections, this book builds on the theoretical background expounded in Bachman's "Fundamental Considerations in Language Testing", and examines the design, planning, and organization of tests.  7aLanguage and languagesxAbility testing.2BUEsh99082 795493aExaminationsxDesign and construction.2BUEsh 2BUEsh cAugust 2016 bHHUUEENN vReading book9342321 940685aPalmer, Adrian S., d1940- eauthor. 2ddce22k418.0076 BACcBB c22129d22101 00102ddc40708BaccahaMAINbMAINc2NDd2016-08-08ePurchaseg499.00h25965l2o418.0076 BACp000033116r2025-07-15 00:00:00s2023-02-22v624.00w2016-08-08yBB